Los cisnes salvajes / (Registro nro. 12313)

Detalles MARC
000 -LIDER
fixed length control field 01059cam a2200337 i 4500
001 - NÚMERO DE CONTROL
Identificador de número de control 0000883
003 - IDENTIFICACDOR DE NÚMERO DE CONTROL
control field DO-SdBPM
005 - DATE AND TIME OF LATEST TRANSACTION
control field 20250402121334.0
007 - CAMPOS FIJOS DE DESCRIPCIÓN FÍSICA
fixed length control field 0000883
008 - ELEMENTOS DE LONGITUD FIJA
fixed length control field 100514s 1994 sp a || 000 f spa
015 ## - NÚMERO DENTRO DE LA BIBLIOGRAFÍA NACIONAL
National bibliography number
017 ## - NÚMERO DE REGISTRO DE DERECHOS DE AUTOR
Copyright or legal deposit number
Assigning agency
020 ## - ISBN
International Standard Book Number 8424155246
035 ## - NÚMERO LOCAL
System control number
040 ## - FUENTE DE CATALOGACIÓN
Agencia que crea de manera original el registro DO-SdBPM
Idioma de catalogación spa
Agencia que realiza la transcripción BPMSU
Convenciones de la despripción
080 ## - NÚMERO DE CLASIFICACIÓN DECIMAL UNIVERSAL
Universal Decimal Classification number
082 #4 - NÚMERO DE CLASIFICACIÓN DECIMAL DE DEWEY
Classification number 839.81
Item number A544ci 1994
Edition number 22
100 1# - ASIENTO PRINCIPAL -- NOMBRE PERSONAL
Nombre personal Andersen, Hans Christian
Fechas asociadas con el nombre 1805-1875
240 ## - TITULO UNIFORME
Título uniforme The wild swans
245 14 - MENCIÓN DE TITULO
Título Los cisnes salvajes /
Mención de responsabilidad Hans Christian Andersen ; ilustraciones Juan Alonso Díaz Toledo ; traducción M. Victoria Martínez Vega
Medio (Designación general de material)
260 ## - PUBLICACIÓN, DISTRIBUCIÓN, ETC. (PIE DE IMPRENTA)
Lugar de publicación, distribución, etc León, España :
Nombre del editor, distribuidor, etc. Editorial Everest,
Fecha de publicación, distribución, etc 1994.
300 ## - DESCRIPCIÓN FÍSICA
Extensión 45 p :
Otros detalles físicos il. ;
Dimensiones 28 cm.
490 0# - MENCIÓN DE SERIES
Mención de serie Cuentos de hadas
590 ## - NOTA LOCAL
Texto de la nota local Inventariado, 025/VM
650 4# - ENCABEZAMIENTO DE MATERIA--TEMÁTICO
Término temático o nombre geográfico como elemento de entrada Cuentos infantiles daneses
650 4# - ENCABEZAMIENTO DE MATERIA--TEMÁTICO
Término temático o nombre geográfico como elemento de entrada Libros ilustrados para niños
700 1# - ASIENTO SECUNDARIO -- NOMBRE PERSONAL
Nombre personal Díaz Toledo, Juan Alonso
Mención de responsabilidad ilustración
700 1# - ASIENTO SECUNDARIO -- NOMBRE PERSONAL
Nombre personal Martínez Vega, M. Victoria
Mención de responsabilidad traductor
910 ## - VALIDACIÓN
Validación VMateo V. Control de calidad. BPMSU
942 ## - ADDED ENTRY ELEMENTS (KOHA)
Source of classification or shelving scheme Dewey Decimal Classification
Koha item type Libros
Existencias
Withdrawn status Lost status Source of classification or shelving scheme Damaged status Not for loan Collection code Home library Current library Date acquired Source of acquisition Total Checkouts Full call number Barcode Date last seen Price effective from Koha item type
    Dewey Decimal Classification     Colección Juvenil General Biblioteca Pública Metropolitana Salomé Ureña Biblioteca Pública Metropolitana Salomé Ureña 12/06/2016 Compra Disesa   BPMSU CGI 839.81 A544ci 1994 BPMSU16120159 12/06/2016 12/06/2016 Libros